000 01032cab a2200217 4500
001 L129343
008 050413n2005 000 0 eng u
035 _a(Sirsi) u129343
041 _aeng
100 _aCox, Pat
245 _aRisk venture
260 _c2005
490 _aFire Engineers' Journal
_v65(255) April 2005, 40-42(3)
520 _aDiscusses the risk based methodologies that are being used in the approach to fire and life safety, driven by European health and safety directives and by the desire to be more flexible in the application of safety standards. Fire risk assessment has become the norm in the UK over the last 10 years and the techniques include checklist schemes such as those produced for employers by the Fire Protection Association, and narrative methods which are reliant on codes of practice, standards and guidance.
590 _aIKA150405
650 _aPD 7974-7: 2003
650 _aDD 9999
650 _aBS 7974: 2004
690 _aMANAGEMENT-HEALTH AND SAFETY-FIRE SAFETY
942 _n0
999 _c75078
_d75078